[Event "I Sunway Sitges International Chess Festival - Group A"]
[Site "Sitges (Barcelona)"]
[Date "2014.12.15"]
[Round "3.10"]
[White "Akbarinia, Sayed Arash"]
[Black "Meister, Peter"]
[Result "1/2-1/2"]
[WhiteElo "2366"]
[BlackElo "2408"]
[PlyCount "0"]
[EventDate "2014.12.15"]

1. d4 g6 2. Nf3 Bg7 3. c4 d6 4. g3 e5 5. dxe5 dxe5 6. Qxd8+ Kxd8 7. Nc3 c6 8.
Ng5 Nh6 9. h4 f6 10. Nge4 Nf7 11. b3 Kc7 12. Bb2 h6 13. O-O-O f5 14. Nd2 Be6
15. e4 h5 16. Kb1 Na6 17. Bh3 Rae8 18. Nf1 Nc5 19. b4 Nxe4 20. Nxe4 fxe4 21.
Bxe6 Rxe6 22. Nd2 e3 23. fxe3 Bh6 24. Rhf1 Nd6 25. c5 Nf5 26. Nc4 Rhe8 27. e4
Ne3 28. Nxe3 Bxe3 29. Rf7+ R8e7 30. Rxe7+ Rxe7 31. Rd3 Bf2 32. Kc2 b6 33. Rf3
Be1 34. a3 bxc5 35. Kd1 Bxb4 36. axb4 cxb4 37. Kc2 Kb6 38. Kb3 Kc5 39. Rf8 Rd7
40. Bxe5 Rd3+ 41. Kc2 Kc4 42. Ra8 Ra3 43. Rc8 c5 44. Bd6 Rc3+ 45. Kb2 Rb3+ 46.
Kc2 Rc3+ 1/2-1/2

[Event "I Sunway Sitges International Chess Festival - Group A"]
[Site "Sitges (Barcelona)"]
[Date "2014.12.15"]
[Round "3.11"]
[White "Makhmutov, Rail"]
[Black "Ayas Fernandez, Antonio"]
[Result "1-0"]
[WhiteElo "2428"]
[BlackElo "2265"]
[PlyCount "0"]
[EventDate "2014.12.15"]

1. d4 Nf6 2. c4 e6 3. Nc3 d5 4. cxd5 exd5 5. Bg5 Be7 6. e3 c6 7. Bd3 h6 8. Bf4
Nbd7 9. h3 Nf8 10. Qc2 Ne6 11. Bh2 O-O 12. Nf3 c5 13. Be5 c4 14. Be2 Nc7 15.
O-O Bd6 16. a4 Be6 17. b3 cxb3 18. Qxb3 Rb8 19. Rfc1 Qe7 20. Nb5 Nxb5 21. axb5
Ra8 22. Rc2 Nd7 23. Bxd6 Qxd6 24. Qc3 Qb6 25. Qa5 Rfc8 26. Rxc8+ Rxc8 27. Qxa7
Rc1+ 28. Kh2 Qc7+ 29. g3 Rxa1 30. Qxa1 Qc2 31. Qe1 Nb6 32. Qd2 Qb3 33. Qa5 Nc4
34. Qa8+ Kh7 35. Qxb7 Qb2 36. Ng1 Nd6 37. Qc7 Ne4 38. Kg2 Nc3 39. Bd3+ g6 40.
b6 Qd2 41. b7 Qxd3 42. b8=Q Qe4+ 43. Kh2 Qc2 44. Qf4 Nd1 45. Qxh6+ 1-0

[Event "I Sunway Sitges International Chess Festival - Group A"]
[Site "Sitges (Barcelona)"]
[Date "2014.12.15"]
[Round "3.12"]
[White "Lacasa Diaz, Jose Antonio"]
[Black "Chalmeta Ugas, Ramon"]
[Result "0-1"]
[WhiteElo "2411"]
[BlackElo "2222"]
[PlyCount "0"]
[EventDate "2014.12.15"]

1. e4 c5 2. Nf3 e6 3. d4 cxd4 4. Nxd4 a6 5. Bd3 Bc5 6. Nb3 Ba7 7. Qg4 Nf6 8.
Qg3 d6 9. Nc3 Nc6 10. Bg5 b5 11. O-O-O b4 12. Ne2 e5 13. f4 h6 14. Qh4 Be3+ 15.
Kb1 Rg8 16. Bxf6 Qxf6 17. Qxf6 gxf6 18. f5 Rxg2 19. Ng3 Ke7 20. Bf1 Rf2 21. Bc4
Bb7 22. Bd5 Rc8 23. Nc1 Bxc1 24. Rxc1 Na5 25. Bxb7 Nxb7 26. Nf1 Rc4 27. Ne3
Rxe4 28. Nd5+ Kf8 29. Nxf6 Ree2 30. Rhg1 Rxf5 31. Rg8+ Ke7 32. Nd5+ Kd7 33.
Nxb4 a5 34. Nd5 Rxh2 35. Rb8 Nc5 36. Ra8 Rff2 37. Ra7+ Ke6 38. Nc7+ Kf5 39. Nb5
Ke6 40. Nc7+ Kf5 41. Nb5 d5 42. Rxf7+ Kg6 43. Rc7 Ne4 44. Rc6+ Kg5 45. Nc7 d4
46. Ne6+ Kg4 47. Nc5 Nxc5 48. Rxc5 e4 49. Rc4 Rd2 50. a4 e3 51. b4 axb4 52. a5
Rh5 53. Rxb4 Rxa5 54. c3 Kf3 55. cxd4 e2 56. Rb6 Rd1 0-1

[Event "I Sunway Sitges International Chess Festival - Group A"]
[Site "Sitges (Barcelona)"]
[Date "2014.12.15"]
[Round "3.13"]
[White "De Rover, Yong Hoon"]
[Black "Sadykov, Ramil"]
[Result "1/2-1/2"]
[WhiteElo "2315"]
[BlackElo "2403"]
[PlyCount "0"]
[EventDate "2014.12.15"]

1. e4 c5 2. Nf3 e6 3. d4 cxd4 4. Nxd4 Nf6 5. Nc3 d6 6. g4 h6 7. h4 Nc6 8. Rg1
d5 9. Bb5 Bd7 10. exd5 Nxd5 11. Nxd5 exd5 12. Qe2+ Be7 13. Be3 Qa5+ 14. c3 Nxd4
15. Bxd7+ Kxd7 16. Bxd4 Rae8 17. O-O-O Bg5+ 18. Be3 Bxe3+ 19. fxe3 Qxa2 20.
Qb5+ Kc8 21. Rgf1 f6 22. Rxd5 a6 23. Qc5+ Kb8 24. Rfd1 Qa1+ 25. Kc2 Qa4+ 26.
Kc1 Qa1+ 27. Kc2 Qa4+ 28. Kc1 1/2-1/2

[Event "I Sunway Sitges International Chess Festival - Group A"]
[Site "Sitges (Barcelona)"]
[Date "2014.12.15"]
[Round "3.14"]
[White "Haug, Johannes"]
[Black "Skomorokhin, Roman"]
[Result "0-1"]
[WhiteElo "2121"]
[BlackElo "2364"]
[PlyCount "0"]
[EventDate "2014.12.15"]

1. e4 c5 2. Nf3 e6 3. c3 Nc6 4. d4 d5 5. e5 Qb6 6. a3 Bd7 7. b4 cxb4 8. cxb4
Rc8 9. Be2 Nge7 10. O-O Nf5 11. Bb2 h5 12. Qd2 g6 13. Rd1 Bh6 14. Qd3 a6 15.
Nc3 Na5 16. Qc2 Nc4 17. Na4 Bxa4 18. Qxa4+ Qc6 19. Qxc6+ Rxc6 20. Bc1 Bxc1 21.
Raxc1 b5 22. Rc3 Nxe5 23. Rxc6 Nxc6 24. Rc1 Kd7 25. Ne5+ Nxe5 26. dxe5 Rc8 27.
Rxc8 Kxc8 28. Bd3 g5 29. g3 g4 30. Be2 Nd4 31. Bd1 Kd7 32. h3 Nc6 33. hxg4 hxg4
34. Bxg4 Nxe5 35. Bd1 Nc4 36. a4 Nb2 37. axb5 Nxd1 38. bxa6 Kc6 0-1

[Event "I Sunway Sitges International Chess Festival - Group B"]
[Site "Sitges (Barcelona)"]
[Date "2014.12.15"]
[Round "3.15"]
[White "Castrillon Otero, Javier"]
[Black "Flores Mendoza, Jose Antonio"]
[Result "1-0"]
[WhiteElo "1958"]
[BlackElo "1905"]
[PlyCount "0"]
[EventDate "2014.12.15"]

1. d4 { [%clk 1:30] } d5 { [%clk 1:30] } 2. c4 { [%clk 1:31] } c6 { [%clk
1:31] } 3. e3 { [%clk 1:31] } Bf5 { [%clk 1:31] } 4. Nc3 { [%clk 1:27] } e6 {
[%clk 1:31] } 5. Nf3 { [%clk 1:27] } Nf6 { [%clk 1:32] } 6. Ne5 { [%clk 1:26]
} Nbd7 { [%clk 1:31] } 7. g4 { [%clk 1:16] } Bg6 { [%clk 1:31] } 8. h4 { [%clk
1:16] } h5 { [%clk 1:17] } 9. Nxg6 { [%clk 1:15] } fxg6 { [%clk 1:17] } 10. g5
{ [%clk 1:08] } Ng8 { [%clk 1:17] } 11. Qc2 { [%clk 1:08] } Ne7 { [%clk 1:17]
} 12. e4 { [%clk 1:02] } dxe4 { [%clk 1:12] } 13. Qxe4 { [%clk 1:01] } Kf7 {
[%clk 1:13] } 14. Be3 { [%clk 0:53] } Nf5 { [%clk 1:13] } 15. O-O-O { [%clk
0:52] } Bb4 { [%clk 1:13] } 16. d5 { [%clk 0:44] } exd5 { [%clk 1:11] } 17.
cxd5 { [%clk 0:44] } Qe7 { [%clk 1:11] } 18. dxc6 { [%clk 0:41] } Qxe4 { [%clk
1:05] } 19. Nxe4 { [%clk 0:41] } Nb6 { [%clk 1:04] } 20. cxb7 { [%clk 0:40] }
Rab8 { [%clk 1:04] } 21. Ba6 { [%clk 0:38] } Rhe8 { [%clk 1:03] } 22. Bf4 {
[%clk 0:36] } Ke7 { [%clk 1:01] } 23. a3 1-0